1181 1956 1603 1267 1798 1634 1754 1837 1863 1492 1029 1425 1405 1463 1270 1277 1089 1384 1500 1832 1160 1226 1541 1320 1953 1782 1844 1706 1115 1366 1514 1837 1877 1296 1873 1674 1593 1949 1963 1538 1081 1898 1525 1174 1772 1025 1183 1890 1084 1436 1313 1991 1009 1039 1207 1888 1896 1213 1390 1060 1927 1448 1949 1169 1523 1990 1714 1742 1918 1696 1358 1413 1370 1675 1013 1922 1823 1050 1708 1805 1824 1066 1774 1262 1590 1817 1541 1203 1857 1671 1615 1810 1964 1209 1079 1902 1808 1441 1778 BCNSPRNW ULIB Ver.6.0+V

เปลี่ยนเป็นภาษาไทย

Change to English
 แสดงรายละเอียดบรรณานุกรม
  กลับหน้าหลัก

Brief Record : Get Marc (ISO 2709) : E-mail record : QR code < ปิดหน้าต่าง
LEADER : 00000nam 2200000uu 4500
001    13399111237
003     ULIB
008    110621s2552||||th 000 0 tha d
020    9789744664198
060 04 WW290^bม321ต
100 0  มัญชิมา มะกรวัฒนะ
245 10 ต้อหิน ภัยเงียบ-- ที่จะพรากแสงสว่างจากคุณไปตลอดกาล /^cมัญชิมา มะกรวัฒนะ
250    พิมพ์ครั้งที่ 1
260    ปทุมธานี :^bโรงพิมพ์มหาวิทยาลัยธรรมศาสตร์,^c2552
300    115 หน้า :^bภาพประกอบสี ;^c22 ซม.
650  2 Glaucoma
650  2 Glaucoma^xsurgery
650  7 ต้อหิน
650  7 ต้อหิน^xการรักษา
650  7 ตา, โรค
945    ^p120^l0^i18098
995    กัณชพร
999 ^a ใช้งานได้ทุกระบบ
รายการนี้ยังไม่มีแท็ก
คุณยังไม่ได้ล็อกอิน คุณสามารถมีกิจกรรมร่วมกับเว็บไซต์ได้ แต่ต้องล็อกอินก่อน ::
  ล็อกอิน

รายการสื่อสารสนเทศ

ลำดับที่ ประเภท เลขเรียก/บาร์โค้ด สถานที่ สถานะ
- ไม่พบข้อมูล -

รายการใกล้เคียง
    ผู้แต่ง [มัญชิมา มะกรวัฒนะ]

    หัวเรื่อง [Glaucoma]
    หัวเรื่อง [ต้อหิน]
    หัวเรื่อง [ตา, โรค]

BibComment


ยังไม่เคยถูกคอมเมนท์

คอมเมนท์ทรัพยากรรายการนี้
  คอมเมนท์: ต้อหิน ภัยเงียบ ท..


 Copyright 2026. Bcnsprnw @Library